Mercentile Law (Record no. 3322)

MARC details
000 -LEADER
fixed length control field 00416nam a22001697a 4500
005 - DATE AND TIME OF LATEST TRANSACTION
control field 20210927142341.0
008 - FIXED-LENGTH DATA ELEMENTS--GENERAL INFORMATION
fixed length control field 160620b xxu||||| |||| 00| 0 eng d
020 ## - INTERNATIONAL STANDARD BOOK NUMBER
ISBN 81-259-1603-0
041 ## - LANGUAGE CODE
Language code of text/sound track or separate title eng
082 ## - DEWEY DECIMAL CLASSIFICATION NUMBER
Item number 8604
Classification number 346.07
100 ## - MAIN ENTRY--AUTHOR NAME
Personal name Kuchhal M.C
245 ## - TITLE STATEMENT
Title Mercentile Law
260 ## - PUBLICATION, DISTRIBUTION, ETC. (IMPRINT)
Place of publication New Delhi
Name of publisher Vikas Publishing House (P) Ltd.
Year of publication 2008
300 ## - PHYSICAL DESCRIPTION
Number of Pages 598
650 ## - SUBJECT ADDED ENTRY--TOPICAL TERM
Topical Term Management
942 ## - ADDED ENTRY ELEMENTS (KOHA)
Koha item type Books
Holdings
Lost status Damaged status Collection code Home library Current library Shelving location Date acquired Cost, normal purchase price Full call number Accession Number Koha item type
    LAW JRU Library JRU Library SHELF-31-B 20/06/2016 235.00 346.07 8604 Books
    LAW JRU Library JRU Library SHELF-31-B 20/06/2016 235.00 346.07 8605 Books
    LAW JRU Library JRU Library SHELF-31-B 20/06/2016 235.00 346.07 8606 Books
    LAW JRU Library JRU Library SHELF-31-B 20/06/2016 235.00 346.07 8607 Books